000
00395nam a22001577a 4500
003
MPLRDC
005
20220104124636.0
008
210129b ||||| |||| 00| 0 eng d
082
_a
610.23 XGL v.2
100
_a
徐国良主编
245
_a
白话资治通鉴. 二
_c
260
_a
_b
嘉文出版社
_c
300
_b
精
650
_a
中国通史--资治通鉴
942
_c
BK
_o
610.23 XGL v.2
999
_c
20973
_d
20963